[Event "Madrid San Viator op-A 29th"]
[Site "Madrid"]
[Date "2017.09.24"]
[Round "2"]
[White "Garcia Martin, Esteban"]
[Black "Jimenez Elices, Jose Maria"]
[Result "1-0"]
[WhiteElo "1854"]
[BlackElo "1766"]
[PlyCount "35"]
[EventDate "2017.09.17"]
[EventType "swiss"]
[EventRounds "9"]
[EventCountry "ESP"]
[SourceTitle "EXT 2019"]
[Source "ChessBase"]
[SourceDate "2018.10.10"]
[SourceVersion "1"]
[SourceVersionDate "2018.10.10"]
[SourceQuality "1"]

1. c4 e6 2. Nf3 d5 3. b3 Be7 4. Bb2 Bf6 5. d4 c5 6. e3 Nc6 7. Bd3 cxd4 8. exd4 Nge7 9. 0-0 0-0 10. Na3 b6 11. Ne5 g6 12. Rc1 Nb4 13. Bb1 Bxe5 14. dxe5 dxc4 15. Nxc4 Ba6 16. Qf3 Bxc4 17. Rxc4 Rc8 18. Rxb4 1-0

[Event "Madrid San Viator op-A 27th"]
[Site "Madrid"]
[Date "2016.10.12"]
[Round "4"]
[White "Jimenez Elices, Jose Maria"]
[Black "Camarero Izquierdo, Juan Carlos"]
[Result "0-1"]
[WhiteElo "1785"]
[BlackElo "1816"]
[PlyCount "32"]
[EventDate "2016.09.25"]
[EventType "swiss"]
[EventRounds "9"]
[EventCountry "ESP"]
[SourceTitle "EXT 2017"]
[Source "ChessBase"]
[SourceDate "2016.10.25"]
[SourceVersion "1"]
[SourceVersionDate "2016.10.25"]
[SourceQuality "1"]

1. e4 c5 2. Nf3 d6 3. d4 cxd4 4. Nxd4 Nf6 5. Nc3 a6 6. Bc4 e6 7. Bb3 Be7 8. Be3 0-0 9. 0-0 b5 10. f3 b4 11. Na4 Bd7 12. Ne2 Bxa4 13. Bxa4 Nbd7 14. c3 a5 15. Bxd7 Qxd7 16. e5 Ne8 0-1

[Event "Madrid San Viator op 25th"]
[Site "Madrid"]
[Date "2015.10.25"]
[Round "5"]
[White "Fernandez Rios, Jose Francisco"]
[Black "Jimenez Elices, Jose Maria"]
[Result "0-1"]
[WhiteElo "1756"]
[BlackElo "1883"]
[PlyCount "58"]
[EventDate "2015.10.04"]
[EventType "swiss"]
[EventRounds "9"]
[EventCountry "ESP"]
[SourceTitle "CBM 169 Extra"]
[Source "ChessBase"]
[SourceDate "2015.12.18"]
[SourceVersion "1"]
[SourceVersionDate "2015.12.18"]
[SourceQuality "1"]

1. d4 d5 2. c4 e6 3. Nf3 Nf6 4. Bg5 Be7 5. Nc3 Ne4 6. Bxe7 Qxe7 7. Qb3 Nxc3 8. Qxc3 Nc6 9. cxd5 exd5 10. e3 0-0 11. Rc1 Bg4 12. Bb5 Nb4 13. Qxc7 Qxc7 14. Rxc7 Rac8 15. Rxc8 Rxc8 16. 0-0 Nxa2 17. Ne5 Be6 18. Ra1 a6 19. Rxa2 axb5 20. Kf1 Bf5 21. Ra3 f6 22. Nf3 Rc1+ 23. Ke2 Rc2+ 24. Nd2 Rxb2 25. Ra8+ Kf7 26. Rb8 b4 27. Rxb7+ Ke6 28. Kd1 b3 29. Kc1 Rc2+ 0-1

[Event "Madrid San Viator op 19th"]
[Site "Madrid"]
[Date "2012.09.23"]
[Round "1"]
[White "Jimenez Elices, Jose Maria"]
[Black "Centeno Mateos, Domingo"]
[Result "1-0"]
[WhiteElo "1905"]
[BlackElo "1580"]
[PlyCount "39"]
[EventDate "2012.09.23"]
[EventType "swiss"]
[EventRounds "9"]
[EventCountry "ESP"]
[SourceTitle "EXT 2013"]
[Source "ChessBase"]
[SourceDate "2012.11.22"]
[SourceVersion "1"]
[SourceVersionDate "2012.11.22"]
[SourceQuality "1"]

1. e4 e5 2. Nf3 Nc6 3. Bb5 d6 4. d4 Bd7 5. Nc3 Nb8 6. dxe5 c6 7. Bc4 dxe5 8. Nxe5 Be6 9. Qxd8+ Kxd8 10. Bxe6 fxe6 11. Nf7+ Ke7 12. Nxh8 g6 13. Bg5+ Ke8 14. 0-0-0 Be7 15. Bxe7 Nxe7 16. Rd6 e5 17. Rhd1 Na6 18. Rf6 Nc5 19. Nf7 Ng8 20. Nd6+ 1-0